000 00645nam a2200241 a 4500
001 000011381
005 20200120221907.0
008 990623s1998 col0 gr 0 000 d
020 _a958-30-0092-2
090 _aAP
_bGIBJ
100 0 _aGibrán, Jalil
245 1 3 _aEl profeta, el loco, páginas escogidas /
_cJalil Gibrán.
250 _a5a. ed.
260 _aSantafé de Bogotá :
_bPanamericana,
_c1998.
300 _a179p.
500 _aEj.1 de Mosquera donado por la Biblioteca Nacional - PNLB 2012.
650 1 4 _aFILOSOFIA
650 1 4 _aLIBERTAD
650 1 4 _aRELIGION
650 1 4 _aDIOS
650 1 4 _aPOESIA
650 1 4 _aCUENTOS
999 _c742
_d742